01045nam a22002651 4500001000700000003000900007005001700016007000300033008004100036016001800077040002100095080003900116100003200155245013700187260005100324300006700375490003300442600004400475700003800519830004100557852003200598942000800630999001900638952012200657134732ES-MaACL20250822062534.0t|070913s1961 sp ||||0| spa d7 zIND2000944991 aM-BN bspa cCDM a75(Goya y Lucientes, Francisco de)1 aWight, Frederick S.911679211a(Francisco José de Goya y Lucientes), Goya b: 1746-1828 / ctexto de Frederick S. Wight... ; traducción de S. Santos Torroella. aBarcelona : bTimún Mas : b[Ariel], c1961. a17 p., 8 h. de lám., lám. en col. 11-30 : bil. ; c17 cm.1 ael libro de arte de bolsillo14aGoya, Francisco de, d1746-182892403531 aSantos Torroella, Rafael.91035360 ael libro de arte de bolsillo9183601 aES-MaACLjC-26500 bR.55493 2udc c134732d134732 00104070aATENEOMbATENEOMcDEPO2d2008-01-17eSCl0oC-26500p1140240r2023-02-23 00:00:00w2023-02-23yMONOGRAFIA